000 00346nam a2200145Ia 4500
008 231217s9999 xx 000 0 und d
041 _aEnglish
082 _a153.9 KUN;2 R1
100 _aKundan, K
245 0 _aCommonsence reasoning
260 _cNULL
_bBSC Publi.
_aDelhi
300 _a581
400 _aMagical book series
942 _cAA
999 _c175125
_d175125